Law Beyond Borders Extraterritorial Jurisdiction in an Age of Globalization /

Bibliographic Details
Main Author: Coughlan, Steve
Other Authors: Currie, John H., Scassa, Teresa
Format: eBook
Language:English
Published: Toronto: Irwin Law Inc., 2014
Subjects:
Online Access:Acceso restringido

MARC

LEADER 00000nam a22000007a 4500
005 20210811131815.0
007 cr|||| ||||
008 210811s2014 ca |||||s|||| 00||0 eng d
020 |a 978-1-55221-371-1 
035 |a 34944 
040 |a vLex 
090 |c 11981  |d 11981 
100 1 |a Coughlan, Steve 
245 1 0 |a Law Beyond Borders  |h [Recurso electrn̤ico] :  |b Extraterritorial Jurisdiction in an Age of Globalization /  |c Steve Coughlan, John H. Currie, Teresa Scassa 
256 |a Servicio en ln̕ea 
260 |a Toronto:  |b Irwin Law Inc.,  |c 2014 
300 |a 1 recurso electrn̤ico 
506 1 |a Disponible solo en los productos indicados  |d vLex Global  |d vLex Global (Academic Edition, excluding Law Schools)  |d vLex Global (U.S. Academic Edition, Law Schools)  |d vLex Global (U.S. Academic Edition, excluding Law Schools)  |d vLex Global (Academic Edition, Law Schools) 
650 0 4 |a Derecho Internacional  |z Canad̀ 
700 1 |a Currie, John H. 
700 1 |a Scassa, Teresa 
740 0 |a vLex Libros (Servicio en ln̕ea) 
856 4 0 |u https://app.vlex.com/#/sources/34944  |z Acceso restringido 
942 |c BOOK 
999 0 |a International right